[Event "EYCC Open U14 2018"]
[Site "Riga"]
[Date "2018.08.27"]
[Round "7"]
[White "Tsoi, Dmitry"]
[Black "Morgunov, Marc"]
[Result "1/2-1/2"]
[WhiteElo "2393"]
[BlackElo "2373"]
[Annotator "TA"]
[PlyCount "97"]
[EventDate "2018.08.20"]
[EventType "swiss"]
[EventCountry "LAT"]
[SourceTitle "playchess.com"]
[Source "ChessBase"]
[SourceQuality "1"]

{[%evp 25,97,13,12,14,14,10,13,18,23,7,23,12,29,27,67,82,80,46,59,40,41,33,33,33,41,41,41,34,42,39,40,0,16,15,18,18,18,0,0,0,0,0,0,0,0,0,57,0,0,0,0,0,0,0,0,0,0,0,0,0,0,0,0,0,0,0,0,0,0,0,0,0,0,0]} 1. c4 e6 2. Nf3 d5 3. b3 Nf6 4. Bb2 Be7 5. g3 O-O 6. Bg2 b6 7. O-O Bb7 8. e3 Nbd7 9. Nc3 c5 10. cxd5 {A14: English Opening: 1...e6 with b3 by White} (10. Qe2 dxc4 11. bxc4 a6 12. d3 Rb8 13. a4 Qc7 14. Ne1 Ne5 15. f4 Nc6 16. g4 Rbd8 17. g5 Ne8 18. Ne4 {1-0 (51) Sadorra,J (2546)-Kovalyov,A (2651) Philadelphia 2018}) 10... Nxd5 11. Nxd5 Bxd5 12. d4 Bf6 13. Qe2 cxd4 {LiveBook: 3 Games} 14. Nxd4 Bxg2 15. Kxg2 Qc8 $146 ({Predecessor:} 15... Nc5 16. Rfd1 Qd5+ 17. Nf3 Qf5 18. Bxf6 Qxf6 {1-0 (48) Galyas,M (2421)-Jakab,A (2382) Hungary 2015}) 16. Rac1 Qb7+ 17. f3 Rac8 18. Nb5 Rxc1 19. Rxc1 Bxb2 20. Rc7 Qb8 21. Rxd7 a6 $1 22. Nd6 Be5 23. Qd3 Bxd6 $1 24. Qxd6 Qxd6 25. Rxd6 $14 {[%mdl 4096] Endgame KR-KR} Rb8 26. e4 {[%cal Be3e4,Be4e5][%mdl 32]} Kf8 27. e5 a5 28. a4 b5 29. Ra6 bxa4 30. bxa4 g5 31. Rxa5 Rb2+ 32. Kg1 Rb1+ 33. Kf2 Rb2+ 34. Ke3 Rxh2 35. g4 Ra2 (35... h5 $11) 36. Ra7 (36. Ra8+ $14 Ke7 37. Ra7+ Kd8 38. Rxf7) 36... Ra3+ {The position is equal.} 37. Ke4 Kg7 38. a5 Ra4+ 39. Kd3 {Strongly threatening a6.} Ra3+ 40. Kc4 {[#] Black must now prevent a6.} Rxf3 41. a6 Ra3 42. Kb5 {Rc7 is the strong threat.} h5 43. gxh5 g4 44. h6+ Kxh6 45. Rxf7 g3 {[#] Hoping for ...g2.} 46. Rf6+ Kg7 47. Rf4 Kg6 48. Rf6+ Kg7 {( -> ...g2)} 49. Rf4 {Precision: White = 60%, Black = 88%.} 1/2-1/2

[Event "EYCC Open U14 2018"]
[Site "Riga"]
[Date "2018.08.27"]
[Round "7"]
[White "Kacharava, Nikolozi"]
[Black "Czopor, Maciej"]
[Result "1-0"]
[WhiteElo "2361"]
[BlackElo "2220"]
[Annotator "TA"]
[PlyCount "85"]
[EventDate "2018.08.20"]
[EventType "swiss"]
[EventCountry "LAT"]
[SourceTitle "playchess.com"]
[Source "ChessBase"]
[SourceQuality "1"]

{[%evp 26,85,113,57,91,73,103,83,97,20,40,25,53,0,0,5,32,0,0,2,20,12,18,0,9,0,0,-91,-13,-40,-22,-21,-28,-37,-22,-95,229,227,212,211,195,234,228,238,216,209,221,232,266,261,455,497,486,485,562,477,29969,29970,29973,29973,29962,4718]} 1. e4 c5 2. Nf3 e6 3. d4 cxd4 4. Nxd4 Nf6 5. Nc3 d6 6. f4 Nc6 7. Be3 a6 8. Be2 Be7 9. Qd2 O-O 10. O-O-O Qc7 11. g4 {B84: Sicilian Scheveningen: 6 Be2 a6, lines without early Be3} Nd7 12. g5 Nxd4 13. Qxd4 b5 14. f5 {LiveBook: 6 Games} (14. h4 $1 $16) 14... Rd8 {[#]} 15. Rhf1 $146 ({Predecessor:} 15. fxe6 fxe6 16. Nd5 exd5 17. Qxd5+ Kh8 18. Qxa8 Nb6 19. Bxb6 Qxb6 {1-0 (35) Timofeev,A (2639)-Ganichev,A (2227) St Petersburg 2012}) 15... Ne5 16. f6 Bf8 17. Qb6 (17. h4 $16) 17... Qxb6 $11 18. Bxb6 Rd7 19. a4 (19. Be3 $14) 19... bxa4 20. Nxa4 Bb7 21. Bd4 Rc7 22. Nc3 Rb8 23. Rg1 a5 24. Nb5 Rc6 25. Na7 Rc7 26. Bb6 (26. Nb5 $11 Rcc8 27. Nc3) 26... Rd7 ({Better is} 26... Rxc2+ $1 $17 27. Kxc2 Bxe4+ 28. Kc3 Rxb6) 27. Bb5 Bxe4 28. Bxd7 {Strongly threatening Bc7.} Rxb6 29. Ba4 d5 30. Rge1 (30. Nc8 $11 {remains equal.} Rb8 31. Ne7+ Kh8 32. Rg3) 30... Nf3 $2 {[%mdl 8192] [#]} (30... h6 $17 31. h4 hxg5 32. hxg5 Kh7) 31. Rxe4 $1 $18 {[%mdl 512]} dxe4 32. Nc8 {Threatens to win with Ne7+.} Rb8 33. Rd8 {White threatens Ne7+ and mate.} Rxc8 34. Rxc8 Nxg5 {[%mdl 4096] Endgame [#] KRB-KBN} 35. c4 $1 {[%cal Rc4c5]} e3 36. Kd1 {Hoping for c5.} Ne4 {[#]} 37. Bc2 $1 {[%cal Rc2e4]} Nc5 $2 {[#]} (37... Nxf6 {might work better.} 38. c5 Nd5) 38. Bxh7+ $1 {[%mdl 512]} Kxh7 39. Rxf8 Nd3 40. Rxf7 Nxb2+ (40... Kg6 $18) 41. Ke2 {White mates.} Nxc4 42. Rc7 Ne5 43. f7 {Precision: White = 47%, Black = 42%.} 1-0

[Event "EYCC Open U14 2018"]
[Site "Riga"]
[Date "2018.08.27"]
[Round "7"]
[White "Trifan, Andrei Ioan"]
[Black "Boyer, Mahel"]
[Result "0-1"]
[WhiteElo "2308"]
[BlackElo "2189"]
[Annotator "TA"]
[PlyCount "66"]
[EventDate "2018.08.20"]
[EventType "swiss"]
[EventCountry "LAT"]
[SourceTitle "playchess.com"]
[Source "ChessBase"]
[SourceQuality "1"]

{[%evp 19,66,11,8,-9,-5,-6,0,-4,8,0,0,0,0,-30,-22,-37,-31,-37,-33,-112,-88,-122,-118,-130,-69,-217,-183,-631,-611,-624,-622,-554,-578,-558,-564,-714,-696,-1323,-1297,-1096,-741,-2156,-1850,-6413,-5804,-29985,-29986,-29986,-29987]} 1. e4 {[%cal Be2e4,Be4e5][%mdl 32]} e6 2. d4 d5 3. Nc3 Nf6 4. e5 Nfd7 5. f4 c5 6. Nf3 Nc6 7. Be3 Be7 8. Qd2 O-O 9. dxc5 Nxc5 {C11: French: Classical System: 4 e5 and 4 Bg5 dxe4} 10. a3 b6 {LiveBook: 3 Games} 11. b4 $146 ({Predecessor:} 11. Be2 f5 12. exf6 Bxf6 13. O-O-O Bb7 14. Rhf1 Qe7 15. Kb1 d4 16. Nxd4 {0-1 (45) Kokarev,D (2619)-Korobov,A (2710) Moscow 2016}) 11... Ne4 {The position is equal.} 12. Nxe4 dxe4 13. Nd4 Bb7 14. Be2 Nxd4 15. Qxd4 Qc7 16. Qb2 Bd5 $36 {[%mdl 2048] Black has some pressure.} 17. c4 Bxc4 18. Rc1 b5 {[%cal Bb6b5,Bb5c4,Bc4c3,Bc3c2][%mdl 32] Threatens to win with ...a5.} 19. Bxc4 ({Better is} 19. Kf2 $15) 19... bxc4 $17 20. Qd4 {[#]} Rfc8 $1 21. Qxe4 {[#]} a5 (21... Rab8 $1 $17 22. O-O a5 23. bxa5 Rb3) 22. Rb1 (22. b5 $15) 22... Rab8 23. Bd2 $2 (23. Ke2) 23... c3 $19 24. Bc1 c2 25. Rb3 axb4 26. axb4 {[#]} Rxb4 $1 {[%mdl 512]} 27. Qf3 (27. Rxb4 Qc3+) 27... Qc4 28. Rxb4 Bxb4+ 29. Kf2 Rd8 30. g4 h6 31. Rf1 Rd3 32. Qa8+ Kh7 33. Kg2 Rd5 {Precision: White = 21%, Black = 63%.} 0-1

[Event "EYCC Open U14 2018"]
[Site "Riga"]
[Date "2018.08.27"]
[Round "7"]
[White "Karacsonyi, Gellert"]
[Black "Pedoson, Georg Aleksander"]
[Result "0-1"]
[WhiteElo "2229"]
[BlackElo "2195"]
[Annotator "TA"]
[PlyCount "108"]
[EventDate "2018.08.20"]
[EventType "swiss"]
[EventCountry "LAT"]
[SourceTitle "playchess.com"]
[Source "ChessBase"]
[SourceQuality "1"]

{[%evp 19,108,45,48,8,8,12,45,43,45,40,54,52,102,74,60,-33,-26,-18,58,0,29,30,29,27,27,27,36,23,30,31,45,34,43,-6,29,-22,109,117,130,119,118,72,87,68,75,79,102,95,84,34,41,-8,83,-53,-14,-61,-77,-80,-70,-76,-83,-195,-165,-239,-231,-404,-404,-837,-756,-720,-686,-1249,-1108,-29981,-29982,-29981,-29982,-29986,-29987,-29987,-29988,-29988,-29989,-29993,-29992,-29995,-29996,-29996,-29996,-29997,-29998]} 1. e4 c6 2. Nc3 d5 3. Nf3 dxe4 4. Nxe4 Nf6 5. Qe2 Nxe4 6. Qxe4 Nd7 {B11: Caro-Kann: Two Knights Variation} (6... Qa5 7. Bc4 Qf5 8. d3 Qxe4+ 9. dxe4 f6 10. Be3 e5 11. O-O-O Nd7 12. h4 Nb6 13. Bb3 h5 14. a4 {0-1 (40) Hansen,E (2629)-Hammer,J (2631) chess.com INT 2018}) 7. Bc4 Nf6 8. Ne5 e6 9. Qe2 Be7 10. O-O O-O {LiveBook: 4 Games} 11. Kh1 $146 ({Predecessor:} 11. c3 c5 12. Rd1 Nd5 13. d4 cxd4 14. cxd4 {½-½ (34) Ratsma,R (2253)-Krstic,U (2388) Schwarzach 2017}) 11... Qd6 12. f4 b5 13. Bd3 Bb7 14. b3 Rad8 15. Bb2 c5 16. Rae1 g6 17. Ng4 (17. a3 $14) 17... Nxg4 $15 18. Qxg4 f5 (18... c4 $11 19. bxc4 bxc4 20. Bxc4 Qb4) 19. Qg3 (19. Qe2 $14) 19... Bf6 20. Bxf6 Rxf6 21. Bxb5 Qxd2 22. Re2 $36 {[%mdl 2048] White is more active.} Qd6 23. Qc3 Rff8 24. Bd3 Kf7 25. Rfe1 Rfe8 26. Qe5 Bd5 27. Rd2 (27. Bb5 $142 Re7 28. Rd2) 27... h6 (27... Qxe5 $11 28. fxe5 c4 $1 {[%mdl 512]}) 28. Bb5 $16 Re7 {[#]} 29. c4 $1 {Threatens to win with Qxd6.} Qxe5 30. Rxe5 Rb8 31. Ba4 Be4 32. Rxc5 g5 33. fxg5 hxg5 {[%cal Bh6g5,Bg5g4][%mdl 32]} 34. h3 Kf6 35. Kg1 Rg8 (35... Rg7 $1 $11 {remains equal.}) 36. Rd7 (36. b4 $16) 36... g4 {aiming for ...Rxd7.} 37. h4 g3 38. Rxe7 Kxe7 $17 {[%mdl 4096] Endgame KRB-KRB} 39. Rc7+ {[#]} Kf6 $1 40. Rxa7 (40. h5 $17 {is a better defense.}) 40... Rh8 $19 41. Rd7 (41. Rc7 {was called for.}) 41... Rxh4 42. c5 $2 (42. b4 f4 43. Bd1) 42... f4 43. Rd4 (43. Rd2 $142 f3 44. gxf3 Bxf3 45. Rg2 Bxg2 46. Kxg2) 43... Ke5 44. Rc4 Bd5 45. Rc2 f3 46. gxf3 Bxf3 {[%csl Gf3][%cal Rh4h1] Black mates.} 47. Rg2 Kf4 48. Bd7 Bxg2 49. Kxg2 {KR-KB} Rh2+ 50. Kg1 e5 51. Bb5 Rxa2 52. c6 Kf3 53. b4 Ra1+ 54. Bf1 g2 {Precision: White = 29%, Black = 38%.} 0-1

[Event "EYCC Open U14 2018"]
[Site "Riga"]
[Date "2018.08.27"]
[Round "7"]
[White "Larkin, Vladislav"]
[Black "Suleymanli, Aydin Elshan"]
[Result "1/2-1/2"]
[WhiteElo "2212"]
[BlackElo "2323"]
[Annotator "TA"]
[PlyCount "74"]
[EventDate "2018.08.20"]
[EventType "swiss"]
[EventCountry "LAT"]
[SourceTitle "playchess.com"]
[Source "ChessBase"]
[SourceQuality "1"]

{[%evp 16,74,87,89,92,59,72,58,67,55,68,42,56,47,62,50,54,40,39,29,39,26,42,47,42,50,56,33,31,17,27,16,66,74,58,0,0,0,0,-31,-28,-29,-9,-22,0,0,0,0,0,0,0,-25,-14,-30,-30,-45,-34,-27,0,-6,0]} 1. d4 {Le Roux,JP/Primel,D} Nf6 2. Nf3 c5 3. d5 d6 4. Nc3 g6 5. e4 Bg7 6. Bb5+ Nfd7 7. a4 O-O {A43: Alt-Benoni} 8. O-O a6 9. Be2 {LiveBook: 3 Partien} Nf6 {Weiß steht besser.} 10. Nd2 Nbd7 11. a5 b5 12. axb6 $1 Nxb6 13. Nb3 $146 ({Vorgänger:} 13. Nc4 Nxc4 14. Bxc4 Nd7 15. Bd2 {0-1 (25) Primel,D (1980)-Le Roux,J (2569) Nantes 2012 EXT 2014 [Le Roux,JP/Primel,D]}) 13... Qc7 14. Be3 Rd8 15. Na5 e6 16. Bf3 exd5 17. exd5 Re8 18. Re1 Bd7 19. h3 Bb5 20. Qd2 Nfd7 21. b3 Ne5 $1 {[%cal Re5f3]} 22. Be2 Bxe2 23. Rxe2 f5 24. Rae1 $1 Nbd7 25. Nc6 ({Günstiger ist} 25. Na4 $14) 25... Nxc6 $11 26. dxc6 Qxc6 27. Qd5+ Qxd5 28. Nxd5 {zielt auf Sc7 ab.} Re5 29. Rd1 Bf8 30. Red2 Rc8 31. Ra1 Rc6 32. c4 Bg7 33. Rad1 Re8 34. b4 cxb4 35. Nxb4 Rxc4 36. Rxd6 Nf6 37. Nxa6 Ne4 {Precision: Weiß = 39%, Schwarz = 55%.} 1/2-1/2

[Event "EYCC Open U14 2018"]
[Site "Riga"]
[Date "2018.08.27"]
[Round "7"]
[White "Popov, Konstantin"]
[Black "Pogosyan, Stefan"]
[Result "0-1"]
[WhiteElo "2198"]
[BlackElo "2331"]
[Annotator "TA"]
[PlyCount "148"]
[EventDate "2018.08.20"]
[EventType "swiss"]
[EventCountry "LAT"]
[SourceTitle "playchess.com"]
[Source "ChessBase"]
[SourceQuality "1"]

{[%evp 23,148,62,65,0,5,0,38,47,50,25,53,24,113,123,123,123,137,133,125,126,121,135,164,145,244,249,261,232,268,256,266,256,256,170,200,157,140,155,276,260,234,179,171,177,185,181,247,170,170,172,164,176,174,163,152,140,194,113,246,159,308,308,287,179,174,175,182,178,176,87,225,237,231,133,139,0,169,6,7,0,167,117,224,216,315,308,335,-107,-112,-103,-67,-58,-12,-12,-13,-29,-29,-35,-34,-99,-84,-209,-205,-192,-159,-457,-430,-452,-432,-402,-418,-410,-391,-547,-540,-510,-488,-850,-827,-898,-831,-1193,-883,-29984,-29985,-29986,-29987]} 1. e4 c5 2. Nf3 Nc6 3. d4 cxd4 4. Nxd4 Qc7 5. Nc3 e6 6. g3 Nf6 7. Bg2 a6 8. O-O Bc5 9. Nb3 {B47: Sicilian: Taimanov: 5 Nc3 Qc7 6 f4, 6 g3 and 6 Be2} Be7 10. Be3 O-O 11. f4 d6 12. a4 b6 {LiveBook: 7 Games} 13. Kh1 $146 (13. g4 $14) ({Predecessor:} 13. g4 Nd7 14. g5 Re8 15. Rf3 Bb7 {1-0 (30) Ehlvest,J (2597)-Kryvoruchko,Y (2679) Fujairah 2012}) 13... Bb7 $11 14. g4 {[%cal Bg3g4,Bg4g5][%mdl 32]} Rad8 15. g5 Nd7 16. Qh5 Rfe8 17. Rf3 Nf8 (17... g6 $11 {keeps the balance.} 18. Qh6 Bf8) 18. f5 $16 Ne5 19. f6 {Threatens to win with Rg3.} Nxf3 20. Qxf3 $40 {[%mdl 128] White wants a kill.} Nd7 {[%cal Rg7f6]} 21. fxe7 Rxe7 22. Qf2 Bc6 23. a5 {[%cal Ba4a5,Ba5b6][%mdl 32]} b5 (23... bxa5 $16 24. Rxa5 (24. Nxa5 Bb5 $16) 24... Ra8) 24. Bb6 $1 $18 {[%cal Rb6c7]} Nxb6 25. axb6 Qc8 26. Na2 Bb7 27. Nb4 Qc4 28. Qe1 (28. Nxa6 Ra8 $14) 28... Ra8 29. Qc3 Qxc3 30. bxc3 Rc8 (30... Kf8 $16 31. Na5 Rb8) 31. Rd1 ({Less strong is} 31. Nxa6 Rc6 $14) 31... Rd7 32. Na5 Kf8 33. Rd3 Rb8 34. c4 Bc8 (34... bxc4 $142 35. Nxc4 Ke7) 35. cxb5 Rxb6 36. Rc3 Rd8 37. Nbc6 $1 {[%cal Rc6d8]} Re8 {[#]} 38. Na7 $1 Bd7 39. Nc4 Rb7 (39... Rbb8 $16) 40. b6 ({Better is} 40. Nxd6 $18 Rxa7 41. b6) 40... Ke7 (40... Rd8 $16) 41. h4 e5 (41... Reb8 $16 {is a better defense.} 42. Kh2 h6) 42. Rd3 a5 43. Nxd6 ({Don't take} 43. Rxd6 $6 a4 $18) 43... Rxb6 44. Nxe8 Kxe8 45. Rd5 a4 46. Bf1 (46. Rxe5+ $18 Kd8 47. Bf1) 46... Rb2 (46... a3 $16) 47. Rxe5+ Kd8 48. Nb5 (48. Bb5 $18 Bxb5 49. Nxb5) 48... Rxc2 $16 49. Kg1 (49. Rd5 $16 Ke7 50. Nd4) 49... Rb2 $2 (49... Bxb5 $1 $11 50. Rxb5 a3) 50. Nc3 $2 (50. Na3 $18) 50... Rc2 $11 51. Nb5 $2 (51. Ne2 $11) 51... Rb2 $18 52. Nd6 Be6 (52... a3 $16) 53. Ra5 Rb6 (53... Rb4 $142 54. Kf2 Ke7) 54. Ra8+ ({Inferior is} 54. Rxa4 Rxd6 55. Kf2 Rd2+ 56. Ke3 Rh2 $11) 54... Kd7 55. Bb5+ $2 (55. Nf5 $18) 55... Kxd6 $17 56. Bxa4 {[%mdl 4096] Endgame KRB-KRB} Rb1+ 57. Kg2 Rb2+ 58. Kf3 Ra2 59. Ra6+ Kc5 {And now ...Kb4 would win.} 60. Rc6+ Kd4 61. Bc2 (61. Ra6 $15) 61... Ra3+ 62. Kg2 {[#]} (62. Kf4 $17) 62... Ke5 $1 $19 63. h5 g6 64. h6 $2 (64. hxg6 $17 {keeps fighting.} hxg6 65. Kf2) 64... Kf4 65. Rc5 Rg3+ 66. Kf2 Rxg5 67. Rc7 Rh5 68. Rc3 Rh2+ 69. Kg1 Rxh6 70. Kf2 (70. Ba4 $142) 70... Rh2+ 71. Kg1 Rd2 72. Kf1 h5 73. Bd3 {[#]} Rxd3 $1 74. Rxd3 Bc4 {Precision: White = 33%, Black = 48%.} 0-1

[Event "EYCC Open U14 2018"]
[Site "Riga"]
[Date "2018.08.27"]
[Round "7"]
[White "Unat, Can Haktan"]
[Black "Tadic, Stefan"]
[Result "1/2-1/2"]
[WhiteElo "2159"]
[BlackElo "2240"]
[Annotator "TA"]
[PlyCount "91"]
[EventDate "2018.08.20"]
[EventType "swiss"]
[EventCountry "LAT"]
[SourceTitle "playchess.com"]
[Source "ChessBase"]
[SourceQuality "1"]

{[%evp 21,91,1,5,-9,-10,-20,-12,-20,-13,-52,-43,-27,-26,-45,-29,-61,-42,-43,-43,-44,0,0,0,-29,0,0,53,33,96,111,105,101,113,109,112,17,11,0,0,0,0,0,0,0,0,0,0,0,0,0,0,8,8,0,0,0,0,0,0,0,0,0,8,0,0,0,0,0,0,0,0,0]} 1. e4 c5 2. Nf3 Nf6 3. Nc3 Nc6 4. d4 d5 5. exd5 Nxd5 6. Nxd5 Qxd5 7. Be3 cxd4 8. Nxd4 a6 9. Be2 e5 10. Nxc6 Qxc6 11. O-O {B29: Sizilianisch (Rubinstein-Variante)} (11. Qd3 Bb4+ 12. c3 Be7 13. Bf3 Qc7 14. O-O Be6 15. Qe4 Rb8 16. Qa4+ Bd7 17. Qb3 b5 18. Bd5 O-O {½-½ (49) Zelcic,R (2528)-Smirnov,A (2439) Schwarzach 2013}) 11... Be7 {LiveBook: 5 Partien} (11... Be6 {is more complex.} 12. c4 f5 13. Bh5+ g6 14. Bf3 e4) 12. c3 Be6 $146 ({Vorgänger:} 12... O-O 13. Qc2 Be6 14. Bf3 Qc7 15. a4 f5 16. a5 e4 17. Be2 Bd6 18. g3 Qf7 {0-1 (30) Aijala,J (2146)-Legky,N (2425) Jyvaskyla 2010}) 13. a4 O-O 14. a5 f5 15. f4 Bc5 16. Qc1 e4 17. Kf2 Rfd8 18. g3 Rac8 19. Rd1 Rxd1 20. Qxd1 Bxe3+ 21. Kxe3 Qc7 22. Ra4 Rd8 (22... b5 $5 {[%cal Rb5a4]} 23. Rd4 Qxa5 $17) 23. Rd4 Qc5 (23... Rxd4 $1 $11 24. Qxd4 Qxa5) 24. Qa4 $1 $14 Kf7 {[#]} ({Lieber} 24... Qc7 $14) 25. Qb4 $1 $16 {[%cal Rb4c5]} Qxb4 26. Rxb4 {[%mdl 4096] Endspiel KTL-KTL} Rd7 27. Rb6 Ke7 28. b4 ({Günstiger ist} 28. g4 $16) 28... Rc7 $1 $11 {Die Stellung ist ausgeglichen.} 29. c4 (29. Kd2 {is interesting.} Rd7+ 30. Ke1 Rc7 31. h3 Bf7 32. Kd2) 29... Bxc4 30. Bxc4 Rxc4 31. Rxb7+ {KT-KT} Kd6 32. Rxg7 Rxb4 33. Rxh7 Kc5 34. Rc7+ Kd5 35. Rc2 Rb3+ 36. Kf2 Rf3+ 37. Ke2 Ra3 38. Rd2+ Kc5 39. Rb2 Rxa5 40. g4 fxg4 41. Ke3 Ra4 42. Rg2 Kd5 {[#] ...Ta3+ ist eine echte Drohung.} 43. Rd2+ Ke6 44. Rc2 Kd5 {Und weiter mit ...Ta3+ wäre nett.} 45. Rd2+ Ke6 46. Rc2 {Precision: Weiß = 36%, Schwarz = 66%.} 1/2-1/2

[Event "EYCC Open U14 2018"]
[Site "Riga"]
[Date "2018.08.27"]
[Round "7"]
[White "Kochavi, Ori"]
[Black "Bethke, Richard"]
[Result "0-1"]
[WhiteElo "2138"]
[BlackElo "2240"]
[Annotator "TA"]
[PlyCount "144"]
[EventDate "2018.08.20"]
[EventType "swiss"]
[EventCountry "LAT"]
[SourceTitle "playchess.com"]
[Source "ChessBase"]
[SourceQuality "1"]

{[%evp 12,144,63,15,58,33,53,40,70,0,0,0,0,0,10,-22,-18,-12,-13,-25,-22,-35,-26,-35,-35,-43,-40,-41,-45,-68,-64,-112,-107,-107,-107,-107,-102,-112,-108,-108,-112,-118,-115,-108,-96,-192,-111,-173,-149,-166,-172,-188,-177,-178,-201,-185,-182,-151,-150,-162,-22,-259,-175,-237,-208,-168,-81,-393,-325,-384,0,0,0,0,0,0,0,0,0,0,0,0,0,0,0,0,0,0,0,0,0,0,0,0,0,0,0,0,0,0,0,0,0,0,0,0,0,0,0,0,0,0,0,0,0,0,0,-12843,-12843,-12844,-12844,-12845,-12845,-12845,-12846,-12846,-12847,-12847,-12847,-12848,-12848,-12849,-12849,-12850,-12850]} 1. e4 e5 2. Nf3 Nc6 3. Bb5 {[%cal Bf1b5,Bb5a4,Ba4b3][%mdl 32]} a6 4. Ba4 b5 5. Bb3 Na5 6. O-O d6 7. Re1 {LiveBook: 7 Games. C70: Ruy Lopez: 3...a6 4 Ba4, Norwegian and Delayed Schliemann} (7. d4 exd4 8. Nxd4 Bb7 9. a4 c5 10. Qf3 Nf6 11. Nf5 g6 12. Nh6 Nxb3 13. Qxb3 Qd7 14. axb5 axb5 15. Rxa8+ Bxa8 16. Re1 Bxh6 17. Bxh6 {1-0 (35) Wang,H (2709)-Vallejo Pons,F (2707) Riadh 2017}) 7... Bb7 8. d4 exd4 9. c3 $146 {White is slightly better.} ({Much worse is} 9. Qxd4 c5 $15) ({Predecessor:} 9. e5 Ne7 10. Bxf7+ Kxf7 11. Ng5+ Ke8 12. e6 Qc8 13. Nf7 Rg8 14. Qh5 g6 15. Qxh7 {1-0 (31) Rodriguez Marcos,J (1962)-Hamre,E Benidorm 2012}) 9... dxc3 10. a4 (10. Nxc3 $14 Be7 11. Bc2) 10... Be7 $11 11. axb5 axb5 12. Nxc3 Nf6 13. Nxb5 Nxb3 14. Rxa8 Bxa8 15. Qxb3 O-O 16. Qc2 c5 17. Nc3 Re8 18. h3 h6 19. Bf4 Bf8 20. Qd3 Qb6 21. Qb5 Qxb5 22. Nxb5 Bxe4 23. Bxd6 Bxf3 $1 24. Rxe8 Nxe8 25. Bxf8 Kxf8 26. gxf3 $17 {[%mdl 4096] Endgame KN-KN} Ke7 27. Kg2 Ke6 28. f4 (28. Kg3 $17 {keeps fighting.}) 28... Nd6 (28... Kd5 $1 $19 29. Na3 Ke4) 29. Nc3 (29. Nc7+ $17 Kd7 30. Nd5) 29... Nc4 $19 30. Na4 Kd5 31. Kf3 f5 32. Ke2 Kd4 $1 33. h4 Nd6 34. Nb6 Ke4 35. Nd7 c4 ({Of course not} 35... Kxf4 $6 36. Nxc5 Kg4 37. Ne6 $11) ({Black should play} 35... Nb7 $1 $19 36. Nf8 Nd8 37. f3+ Kxf4) 36. f3+ $2 (36. Nc5+ $11 {and White has nothing to worry.} Kxf4 37. Ne6+ Kg4 38. Nxg7) 36... Kxf4 37. Kf2 g5 $1 38. hxg5 Kxg5 (38... hxg5 $19 {is more deadly.} 39. Nb6 Ke5) 39. Kg3 $2 {[%mdl 8192]} (39. Nb6 $17) 39... f4+ 40. Kh3 {[#] Now Nb6 and White clings on.} Nf5 $2 (40... Nf7 $1 $19 41. Kh2 h5) 41. Nc5 $1 $11 Ne3 42. b3 $1 cxb3 (42... c3 $5 43. Ne4+ $8 Kf5 44. Nxc3 Nc2 $11) 43. Nxb3 Nc2 44. Nd2 Ne1 {Strongly threatening ...Kh5.} 45. Ne4+ Kf5 46. Nd2 h5 47. Kh4 Kg6 48. Kh3 Kh6 49. Kh4 Nd3 50. Nc4 Nc5 51. Ne5 Ne6 52. Nf7+ Kg6 53. Ne5+ Kf5 54. Nd3 Ng7 55. Nf2 Kg6 56. Nd3 Nf5+ 57. Kh3 Kg5 58. Nc5 Nd4 59. Ne4+ Kg6 60. Nd2 Ne6 61. Nc4 Ng5+ 62. Kg2 Kf5 63. Nd2 Ke5 {...Kd4 is the strong threat.} 64. Nf1 $2 {[%mdl 8192] [#]} (64. Nb1 $11) 64... Kd4 $1 $19 {[%cal Rd4d3] Black is clearly winning.} 65. Kf2 Kd3 66. Nh2 Ne6 67. Nf1 Nd4 68. Nh2 Nf5 69. Nf1 Ne3 70. Nh2 Kd2 71. Kg1 Ke2 {( -> ...Ke1)} 72. Kh1 Kf2 {Precision: White = 53%, Black = 67%.} 0-1

[Event "EYCC Open U14 2018"]
[Site "Riga"]
[Date "2018.08.28"]
[Round "8"]
[White "Oglaza, Oskar"]
[Black "Popov, Konstantin"]
[Result "1/2-1/2"]
[WhiteElo "2364"]
[BlackElo "2198"]
[Annotator "TA"]
[PlyCount "97"]
[EventDate "2018.08.20"]
[EventType "swiss"]
[EventCountry "LAT"]
[SourceTitle "playchess.com"]
[Source "ChessBase"]
[SourceQuality "1"]

{[%evp 25,97,21,10,0,0,-6,14,9,9,13,17,11,10,0,0,-15,-8,-8,0,-18,0,0,0,-15,14,1,12,0,13,0,0,0,0,-22,-21,-21,-21,-21,-21,-31,-11,-11,-12,-11,-8,-18,-17,-17,-14,-55,-55,-55,-55,-55,-55,-55,-55,-55,-55,-55,-55,-55,-55,-55,-14,-14,-14,-14,-14,-38,-8,-8,-8,-8]} 1. Nf3 Nf6 2. g3 g6 3. Bg2 Bg7 4. c4 d5 5. cxd5 O-O 6. O-O Nxd5 7. d4 Nb6 8. Nc3 Nc6 9. e3 Re8 10. a3 {D76: Fianchetto Grünfeld: Main Line with 7...Nb6} e5 11. d5 Ne7 (11... Na5 12. Qc2 c6 13. b4 Nac4 14. dxc6 bxc6 15. Rd1 Bf5 16. e4 Bd7 17. Na4 Nxa4 18. Qxc4 {½-½ (50) Le,Q (2737)-Ivanchuk,V (2726) Huaian 2017}) 12. e4 Bg4 13. h3 Bxf3 {LiveBook: 4 Games} 14. Bxf3 c6 $146 ({Predecessor:} 14... f5 15. Bg5 Qd7 16. Bg2 Nec8 17. h4 Nd6 {0-1 (78) Dryja,S (1861)-Kaczmarska,J (2037) Gora Swietej Anny 2018}) 15. Bg5 {[#] Black must now prevent d6.} h6 16. Bxe7 Qxe7 17. dxc6 bxc6 18. Qc2 Red8 19. Rac1 h5 20. Na4 Nxa4 21. Qxa4 h4 22. Rcd1 Rd4 23. Qxc6 Rad8 24. Qc3 Qg5 25. Qe3 Qe7 26. Kg2 Kh7 27. Rxd4 exd4 28. Qd3 Rb8 29. Qd2 hxg3 30. fxg3 Rb3 31. Rf2 Be5 32. h4 Qd6 33. Qg5 d3 34. h5 Rxb2 (34... Kg7 {seems wilder.} 35. a4 Rxb2 36. Rxb2 Bxb2 37. hxg6 fxg6 38. Qe3 a6) 35. hxg6+ fxg6 36. Rxb2 Bxb2 37. Qd5 Qxd5 38. exd5 Bxa3 $15 {[%mdl 4096] Endgame KB-KB} 39. Kf2 Bc5+ 40. Ke1 Bb4+ 41. Kd1 Kg7 42. Be4 d2 43. g4 $1 {[%cal Bg3g4,Bg4g5,Bg5g6,Bg6g7][%mdl 32]} Kf6 44. d6 $1 Ke6 45. Bxg6 Kxd6 46. g5 Ke5 47. Bf7 Ke4 48. g6 {Hoping for g7.} Bc3 {[#]} 49. g7 $1 {[%mdl 512] Precision: White = 42%, Black = 50%.} 1/2-1/2